Development of molecular markers to detect genetic polymorphism of Hevea clones (Record no. 57019)
[ view plain ]
| 000 -LEADER | |
|---|---|
| fixed length control field | 01178nam a2200205Ia 4500 |
| 100 ## - MAIN ENTRY--AUTHOR NAME | |
| Personal name | Vivehananthan K |
| 245 #0 - TITLE STATEMENT | |
| Title | Development of molecular markers to detect genetic polymorphism of Hevea clones |
| 260 ## - PUBLICATION, DISTRIBUTION, ETC. (IMPRINT) | |
| Name of publisher | Agrieast |
| Year of publication | 2001 |
| 300 ## - PHYSICAL DESCRIPTION | |
| Number of Pages | 15-Sep |
| 520 ## - SUMMARY, ETC. | |
| Summary, etc | It is useful to identify the genetic variation among the Hevea genotypes in rubber breeding and selection. Studies were conducted to identify RFLP markers for the detection of genetic variation of rubber clones recommended for planting by the Rubber Research Institute of Sri Lanka. Putative repetitive DNA sequences previously identified from a Hevea genomic library were used, to probe genomic blots derived by digesting with six restriction enzymes. DNA probes used in this study revealed genetic polymorphism among Hevea clones studied. Clear genetic differences were identified in clones RRIC 102, RRIC 121 and GPS 1 (42-559). |
| 650 ## - SUBJECT ADDED ENTRY--TOPICAL TERM | |
| Topical Term | Genetic polymorphism |
| 650 ## - SUBJECT ADDED ENTRY--TOPICAL TERM | |
| Topical Term | Hevea brasiliensis |
| 650 ## - SUBJECT ADDED ENTRY--TOPICAL TERM | |
| Topical Term | Molecular markers |
| 650 ## - SUBJECT ADDED ENTRY--TOPICAL TERM | |
| Topical Term | RFLP |
| 700 ## - ADDED ENTRY--PERSONAL NAME | |
| Personal name | Attanayaka D P S T G |
| 700 ## - ADDED ENTRY--PERSONAL NAME | |
| Personal name | Karunanayake E H |
| 856 ## - ELECTRONIC LOCATION AND ACCESS | |
| Uniform Resource Identifier | Reprint |
| 942 ## - ADDED ENTRY ELEMENTS (KOHA) | |
| Koha item type | Journals |
| Withdrawn status | Lost status | Damaged status | Not for loan | Home library | Current library | Shelving location | Date acquired | Serial Enumeration / chronology | Koha item type |
|---|---|---|---|---|---|---|---|---|---|
| Journals | RRII Library | RRII Library | Biotechnology | 17/12/2021 | Volume 3, Issue | Journals |